Dodatek ke sborníku automatizace a manipulace s materiálem Karlovy Vary : ČSSR 18. - 20. listopadu 1975

Bibliographic Details
Format: Book
Language:Czech
PhysicalDescription:78, [1] s., 16 s. príl. 4°
Published: Plzeň Dům techniky Česká vědeckotechnická společnost 1975
Subjects:

MARC

LEADER 00000cam a2200000 a 4500
001 vtls010598630
003 SK-MaSNL
005 20260301215112.0
008 160429s1975 xr 100 0 cze
040 |a SNK  |b slo  |c SNK  |e AACR2 
041 0 |a cze 
044 |a xr  |c CZ 
080 |a 621.86/.87:007(08)  |2 1981 
245 0 0 |a Dodatek ke sborníku automatizace a manipulace s materiálem  |b Karlovy Vary : ČSSR 18. - 20. listopadu 1975 
260 |a Plzeň  |b Dům techniky Česká vědeckotechnická společnost  |c 1975 
300 |a 78, [1] s., 16 s. príl.  |c 4° 
650 0 7 |a manipulácia s materiálom  |2 SNKPH  |9 14946 
650 0 7 |a automatizácia  |2 SNKPH  |9 1428 
655 7 |a zborníky  |2 SNKPH  |9 70165 
958 |a OND 
999 |c 926899  |d 928829 
952 |a SNK  |b SNK  |y PREZ  |7 0  |p 17A0924641  |o snkSB 22847 dod.  |i snkKIP 10697/75  |0 0  |1 0  |4 0  |d 2014-05-26  |f 1  |l 0  |r 2025-03-27 00:00:00  |w 2026-02-24